000
00272nam a2200109Ia 4500
008
200302s9999 xx 000 0 und d
100
_a
Author
245
_a
The Complete Guide To Garages
260
_b
Creative Publishing International Inc
260
_c
2009
300
_a
238 P
999
_c
4901
_d
4901